Tobi roppo one piece - Statistiques

Statistiques générales
  • Ce quiz a été pris 24 fois
  • Le résultat moyen est 6 sur 6
Statistiques - réponses
Réponse % Correct
Black Maria
100%
Page one
100%
Ulti
100%
Who's-who
100%
Sasaki
95%
X Drake
79%
Aucun quiz correspondant
Distribution des résultats
% des personnes avec chaque résultat
Percentile par nombre de réponses
Votre historique - résultats
Vous n’avez pas pris ce quiz